Akatsukis - Statistiken

Allgemein
  • Dieses Quiz wurde 74 mal gespielt
  • Das Durchschnittsergebnis liegt bei 9 aus 11
Antwortstatistiken
Hint Antwort % Korrekt
Konohagakure Itachi Uchiha
100%
Amegakure Nagato/Pain
93%
Iwagakure Deidara
85%
Konohagakure Tobi
84%
Yurakure Hidan
80%
Kirigakure Kisame Hoshigaki
80%
Sunagakure Sasori
80%
Konohagakure Orochimaru
72%
Amegakure Konan
69%
unbekannt Zetsu
59%
Takigakure Kakuzu
48%
Keine übereinstimmenden Quizze gefunden
Verteilung der Resultate
Anzahl Personen mit jedem Resultat
Perzentil nach korrekt beantworteten Fragen
Ihre Resultats-Entwicklung
Sie haben dieses Quiz noch nicht gespielt